| 000 | 00458nam a2200157Ia 4500 | ||
|---|---|---|---|
| 003 | GCL | ||
| 008 | 140319s9999 xx 000 0 eng d | ||
| 040 |
_aGCL / _cGCL |
||
| 082 | 0 | 4 |
_a005.12 _bR I |
| 100 | 1 | _aRATCLIFF, BRYAN | |
| 245 | 1 | 0 |
_aINTRODUCING SPECIFICATION USING Z: A PRACTICAL CASE STUDY APPROACH / _cRATCLIFF, BRYAN |
| 260 |
_a[S.N] : _bMC GRAW - HILL ، _c1993 |
||
| 300 | _a308 P | ||
| 650 | 0 | 4 | _aZ (COMPUTER PROGRAM LANGUAGE) |
| 942 |
_2ddc _cBK |
||
| 999 |
_c21149 _d21149 |
||